Name All SCP Thousands - Statistics

General Stats
  • This quiz has been taken 54 times
  • The average score is 4 of 8
Answer Stats
Hint Answer % Correct
5000 Why?
89%
1000 Bigfoot
86%
2000 Deus Ex Machina
54%
4000 Taboo
46%
3000 Anantashesha
40%
7000 The Loser
23%
6000 The Serpent, the Moose, and the Wanderer's Library
20%
8000 The Seal of Aproval
9%
No matching quizzes found
Score Distribution
Percent of People with Each Score
Percentile by Number Answered
Your Score History
You have not taken this quiz